| 000 | 00443nam a2200157Ia 4500 | ||
|---|---|---|---|
| 008 | 151213s9999 xx 000 0 und d | ||
| 100 | _aEd. By Oliver Stallybrass | ||
| 245 |
_aE.M. Forster Aspects of Novel _cEd. By Oliver Stallybrass |
||
| 250 | _a1st | ||
| 260 |
_aLondon _bPenguing Books _c1974 |
||
| 300 | _a5173 p. | ||
| 650 | _aEnglish Literature | ||
| 650 | _aEnglish Literature | ||
| 700 | _aEd. By Oliver Stallybrass | ||
| 999 |
_c3195 _d3195 |
||